000 00325nam a2200133Ia 4500
008 240112s1987 xx 000 0 und d
022 _a081517317-2,00843873
041 _aeng
082 _a616.05
100 _aROGERS D.E.
245 _aYEAR BOOK OF MEDICINE
260 _bYEAR BOOK OF MED.PUB.
_c1987
300 _a918,HB
999 _c1140955
_d1140955